00366nam a2200145Ia 4500008004100000020001500041041001200056082001600068100001200084245005500096260003300151300000800184650001500192700001300207221030s9999 xx 000 0 und d a8173192111 aEnglish a105.23bBas aN. Basu 3aAn Introduction to Mechanciscby N. Basu, S. Nanda bNarosa Pub.aNew Delhic1999 a419 aMechanical aS. Nanda